000 00255nam a22001217a 4500
008 170214b xxu||||| |||| 00| 0 eng d
041 _aeng
080 _24TH
_a61
100 _a4
101 _aSHM
245 _aREGIONAL BLOCK
_cMOORE, D.C
942 _2udc
_cBK
999 _c5399
_d5399